Phases finales de la Ligue Europa Conférence 2022-2023. - Statistiques

Statistiques générales
  • Ce quiz a été pris 83 fois
    0 depuis la dernière actualisation
  • Le résultat moyen est 0 sur 16
Statistiques - réponses
Réponse % Correct
Flag_of_Belgium_%28civil%29.svg KAA La Gantoise
0%
Flag_of_Belgium_%28civil%29.svg RSC Anderlecht
0%
20px-Flag_of_Italy.svg.png Lazio Rome
0%
20px-Flag_of_Poland.svg.png Lech Poznań
0%
20px-Flag_of_Moldova.svg.png Sheriff Tiraspol
0%
20px-Flag_of_Sweden.svg.png Djurgårdens IF
0%
20px-Flag_of_Spain.svg.png Villarreal CF
0%
20px-Flag_of_Turkey.svg.png İstanbul Başakşehir
0%
20px-Flag_of_Turkey.svg.png Sivasspor
0%
960px-Flag_of_France_%281976%E2%80%932020%29.svg.png?_=20250302025548 OGC Nice
0%
20px-Flag_of_Cyprus.svg.png AEK Larnaca
0%
20px-Flag_of_Slovakia.svg.png Slovan Bratislava
0%
8d2f7f543b-235.webp West Ham United
0%
42.webp FC Bâle
0%
7.webp AZ Alkmaar
0%
9.webp ACF Fiorentina
0%
Aucun quiz correspondant
Distribution des résultats
% des personnes avec chaque résultat
Percentile par nombre de réponses
Votre historique - résultats
Vous n’avez pas pris ce quiz depuis la dernière actualisation